Tigers : leaders of the new Asia-Pacific.
| Main Author: | |
|---|---|
| Format: | Book |
| Published: |
New South Wales:
Allen & Unwin,
1997.
|
| Subjects: |
| LEADER | 00561cam a2200181 7i4500 | ||
|---|---|---|---|
| 001 | 0000006236 | ||
| 005 | 19991025090000.0 | ||
| 002 | ##000007904 | ||
| 020 | 0 | 0 | |a 1 86448 153 6 |
| 090 | 0 | 0 | |a B 324.2092 |b SHE |
| 100 | 0 | 0 | |a Sheridan |
| 245 | 0 | 0 | |a Tigers : |b leaders of the new Asia-Pacific. |
| 260 | 0 | 0 | |a New South Wales: |b Allen & Unwin, |c 1997. |
| 300 | 0 | 0 | |a 324 p.. |
| 650 | 0 | 0 | |a Head of state -- |x Biography -- |z Asia Pacific |
| 650 | 0 | 0 | |a Politics and government -- |z Asia Pacific |
| 651 | 0 | 0 | |a Asia Pacific |
| 999 | |a 0000009156 |b Book |c Open shelf |e Business Information Centre | ||